[Event "Sardinia World op-A"]
[Site "Orosei"]
[Date "2024.04.27"]
[Round "1"]
[White "Montorsi, Matteo"]
[Black "Fromm, Marius"]
[Result "0-1"]
[WhiteElo "2168"]
[BlackElo "2454"]
[PlyCount "104"]
[EventDate "2024.04.27"]
[EventType "swiss"]
[EventRounds "9"]
[EventCountry "ITA"]
[SourceTitle "CB19_2024"]
[SourceDate "2024.05.08"]
[SourceVersion "1"]
[SourceVersionDate "2024.05.08"]
[SourceQuality "1"]

1. e4 c5 2. Nc3 Nc6 3. g3 g6 4. Bg2 Bg7 5. d3 Nf6 6. h3 0-0 7. Be3 d6 8. Nge2 Rb8 9. 0-0 b5 10. Qd2 b4 11. Nd1 a5 12. f4 Nd7 13. g4 Ba6 14. c4 Nd4 15. Nf2 b3 16. Bxd4 cxd4 17. axb3 Rb4 18. Nc1 Nc5 19. g5 Bc8 20. Bf3 Qb6 21. Bg4 Bb7 22. Bd1 a4 23. Ng4 axb3 24. f5 Be5 25. Qf2 Qd8 26. Qh4 Kh8 27. Qh6 Bg7 28. Qh4 Be5 29. Qh6 Rg8 30. fxg6 Rxg6 31. Qh5 f6 32. h4 Qg8 33. Nh6 Qg7 34. Bg4 e6 35. Rf2 Rb6 36. Kf1 Ra6 37. Rxa6 Bxa6 38. Bh3 Bc8 39. Qf3 Rxh6 40. gxh6 Qxh6 41. Ne2 Qxh4 42. Rg2 Bb7 43. Rg4 Qh6 44. Qg2 Qf8 45. Qf3 f5 46. Rg1 Nxd3 47. Ng3 Nxb2 48. Nxf5 exf5 49. Bxf5 Nxc4 50. Ke2 Ne3 51. Qh5 Nxf5 52. exf5 Be4 0-1

[Event "Clusane op 1st"]
[Site "Clusane"]
[Date "2024.03.03"]
[Round "7"]
[White "Loiacono, Antonio"]
[Black "Montorsi, Matteo"]
[Result "1/2-1/2"]
[WhiteElo "2297"]
[BlackElo "2135"]
[PlyCount "102"]
[EventDate "2024.02.29"]
[EventType "swiss"]
[EventRounds "7"]
[EventCountry "ITA"]
[SourceTitle "CB11_2024"]
[SourceDate "2024.03.13"]
[SourceVersion "1"]
[SourceVersionDate "2024.03.13"]
[SourceQuality "1"]

1. e4 c5 2. Nf3 Nc6 3. Nc3 g6 4. Bb5 Bg7 5. 0-0 Nd4 6. Nxd4 cxd4 7. Ne2 a6 8. Bc4 e6 9. c3 dxc3 10. dxc3 b5 11. Bb3 Bb7 12. Ng3 d5 13. exd5 Bxd5 14. Bxd5 Qxd5 15. Qxd5 exd5 16. a4 bxa4 17. Rxa4 Ne7 18. Bf4 0-0 19. Rfa1 Rfc8 20. Bd6 Nc6 21. Ne2 a5 22. g3 Ra7 23. Rd1 Rd7 24. Bf4 Rcd8 25. Be3 Rb7 26. Ra2 h5 27. Kg2 Rdb8 28. Bc1 Rd7 29. Ra4 Rbd8 30. Kf1 Bf6 31. Be3 Rb7 32. Ra2 Kg7 33. Bd4 Rb5 34. Bxf6+ Kxf6 35. Nd4 Nxd4 36. Rxd4 Rdb8 37. Rd2 Re8 38. Ra4 Reb8 39. h4 Ke6 40. Ra2 Kf5 41. Ke2 Re8+ 42. Kf3 f6 43. Rd1 g5 44. hxg5 fxg5 45. Rda1 g4+ 46. Kg2 Re2 47. Rxa5 Rexb2 48. Ra8 Rb8 49. R8a5 R8b5 50. R5a2 Rb8 51. Ra5 R8b5 1/2-1/2

[Event "Torino op 53rd"]
[Site "Torino"]
[Date "2024.01.03"]
[Round "2"]
[White "Montorsi, Matteo"]
[Black "Rotondaro, Alberto"]
[Result "1/2-1/2"]
[WhiteElo "2162"]
[BlackElo "2056"]
[PlyCount "77"]
[EventDate "2024.01.02"]
[EventType "swiss"]
[EventRounds "9"]
[EventCountry "ITA"]
[SourceTitle "CB02_2024"]
[SourceDate "2024.01.10"]
[SourceVersion "1"]
[SourceVersionDate "2024.01.10"]
[SourceQuality "1"]

1. e4 c5 2. Nc3 Nc6 3. g3 g6 4. Bg2 Bg7 5. d3 d6 6. Be3 Rb8 7. Qd2 b5 8. Nge2 b4 9. Nd1 Nd4 10. 0-0 h5 11. h3 e6 12. Nc1 Ba6 13. a3 bxa3 14. Rxa3 Rb6 15. c3 Nc6 16. b4 cxb4 17. Bxb6 Qxb6 18. cxb4 Nge7 19. Ne3 Qxb4 20. Qxb4 Nxb4 21. Na2 Nxa2 22. Rxa6 Nb4 23. Rxa7 Nec6 24. Rc7 0-0 25. Rb1 Bd4 26. Nc4 Bc5 27. e5 d5 28. Na5 Nxa5 29. Rxc5 Nac6 30. f4 Ra8 31. Bf1 Ra2 32. Kh1 Rc2 33. Rxc2 Nxc2 34. Rb7 Kg7 35. h4 N6d4 36. Kg2 Ne3+ 37. Kf2 Ng4+ 38. Kg2 Ne3+ 39. Kf2 1/2-1/2

[Event "Torino op 53rd"]
[Site "Torino"]
[Date "2024.01.02"]
[Round "1"]
[White "Barp, Alberto"]
[Black "Montorsi, Matteo"]
[Result "1-0"]
[WhiteElo "2437"]
[BlackElo "2162"]
[PlyCount "61"]
[EventDate "2024.01.02"]
[EventType "swiss"]
[EventRounds "9"]
[EventCountry "ITA"]
[SourceTitle "CB02_2024"]
[SourceDate "2024.01.10"]
[SourceVersion "1"]
[SourceVersionDate "2024.01.10"]
[SourceQuality "1"]

1. d4 Nf6 2. c4 g6 3. g3 Bg7 4. Bg2 d6 5. Nc3 0-0 6. Nf3 Nc6 7. 0-0 Bf5 8. d5 Na5 9. Nh4 Bd7 10. b3 c5 11. Bb2 a6 12. Qd2 b5 13. Nd1 Ne8 14. Bc3 Bxc3 15. Qxc3 bxc4 16. bxc4 Rb8 17. e4 e5 18. Ne3 Rb4 19. Nf3 f5 20. exf5 gxf5 21. Nd2 e4 22. a3 Ra4 23. f3 Qf6 24. Rac1 Qd4 25. fxe4 Nf6 26. exf5 Re8 27. Rfe1 Qxc3 28. Rxc3 Ng4 29. Be4 Nxe3 30. Rexe3 Bc8 31. Bc2 1-0

[Event "Wch U20 Blitz"]
[Site "Pula"]
[Date "2023.10.15"]
[Round "6"]
[White "Montorsi, Matteo"]
[Black "Toumi, Mohamed Jad"]
[Result "0-1"]
[WhiteElo "2149"]
[BlackElo "1941"]
[PlyCount "92"]
[EventDate "2023.10.14"]
[EventType "swiss (blitz)"]
[EventRounds "11"]
[EventCountry "ITA"]
[SourceTitle "Mega2024 Update 01"]
[Source "Chessbase"]
[SourceDate "2023.11.12"]
[SourceVersion "1"]
[SourceVersionDate "2023.11.12"]
[SourceQuality "1"]

1. e4 d6 2. d4 g6 3. Nc3 c6 4. Be3 b5 5. Qd2 Qa5 6. Nge2 Bg7 7. f3 Nd7 8. g4 b4 9. Nd1 c5 10. Ng3 Ba6 11. h4 Bxf1 12. Rxf1 cxd4 13. Bxd4 Bxd4 14. Qxd4 Qe5 15. Qxe5 Nxe5 16. Ne3 e6 17. 0-0-0 Ke7 18. f4 Nc6 19. g5 h6 20. Rh1 Rc8 21. f5 Ne5 22. f6+ Kd7 23. Ne2 a5 24. Rdg1 a4 25. Kb1 a3 26. c3 axb2 27. Kxb2 bxc3+ 28. Nxc3 Nd3+ 29. Kc2 Nf2 30. Rh2 Nxe4 31. Ned1 hxg5 32. Kd3 Nxc3 33. Nxc3 Rxh4 34. Rb2 Nxf6 35. Rf1 Rh3+ 36. Kd2 Rcxc3 37. Rxf6 Rcd3+ 38. Kc2 Ke7 39. Rf2 Rdf3 40. Rd2 g4 41. Rb7+ Kf6 42. Rxd6 g3 43. Rb1 Rf2+ 44. Kc3 g2+ 45. Kc4 Rh1 46. Rdd1 Rff1 0-1

[Event "Wch U20 Rapid"]
[Site "Pula"]
[Date "2023.10.12"]
[Round "9"]
[White "Montorsi, Matteo"]
[Black "Peyrer, Konstantin"]
[Result "0-1"]
[WhiteElo "2149"]
[BlackElo "2442"]
[PlyCount "104"]
[EventDate "2023.10.10"]
[EventType "swiss (rapid)"]
[EventRounds "11"]
[EventCountry "ITA"]
[SourceTitle "Mega2024 Update 01"]
[Source "Chessbase"]
[SourceDate "2023.11.12"]
[SourceVersion "1"]
[SourceVersionDate "2023.11.12"]
[SourceQuality "1"]

1. e4 c5 2. Nc3 a6 3. g3 b5 4. Bg2 Bb7 5. Nh3 e6 6. 0-0 h5 7. d3 h4 8. g4 Nc6 9. Be3 d6 10. f4 Nge7 11. f5 Ne5 12. fxe6 fxe6 13. Ng5 Qd7 14. h3 N7g6 15. Qd2 Be7 16. Rf2 Bf6 17. a3 Qe7 18. Nf3 Nxf3+ 19. Bxf3 0-0 20. Raf1 Be5 21. Bg2 Rxf2 22. Rxf2 b4 23. axb4 cxb4 24. Ne2 a5 25. d4 Bg3 26. Nxg3 hxg3 27. Rf1 Ba6 28. Rf3 Nh4 29. Rxg3 Nxg2 30. Rxg2 Bb7 31. d5 exd5 32. exd5 a4 33. Re2 a3 34. bxa3 bxa3 35. Bd4 Qh4 36. Re3 a2 37. Ba1 Qh6 38. Qe1 Bxd5 39. Re8+ Rxe8 40. Qxe8+ Kh7 41. Qh5 Qxh5 42. gxh5 Be4 43. Kf2 Bxc2 44. Ke3 Kh6 45. Kd4 Bb3 46. Ke4 Be6 47. h4 Bf7 48. Bb2 d5+ 49. Ke5 Kxh5 50. Kd6 g6 51. Ke7 Kxh4 52. Kxf7 g5 0-1

[Event "Wch U20 Rapid"]
[Site "Pula"]
[Date "2023.10.12"]
[Round "10"]
[White "Toumi, Mohamed Jad"]
[Black "Montorsi, Matteo"]
[Result "1-0"]
[WhiteElo "1941"]
[BlackElo "2149"]
[PlyCount "123"]
[EventDate "2023.10.10"]
[EventType "swiss (rapid)"]
[EventRounds "11"]
[EventCountry "ITA"]
[SourceTitle "Mega2024 Update 01"]
[Source "Chessbase"]
[SourceDate "2023.11.12"]
[SourceVersion "1"]
[SourceVersionDate "2023.11.12"]
[SourceQuality "1"]

1. e4 c5 2. Nf3 Nc6 3. Bb5 g6 4. Bxc6 dxc6 5. Nc3 Bg7 6. d3 e5 7. 0-0 Qe7 8. h3 Nf6 9. Be3 0-0 10. a4 Ne8 11. Nh2 Nc7 12. f4 exf4 13. Bxf4 Ne6 14. Bg3 c4 15. Nf3 Rd8 16. Kh1 Qb4 17. Rb1 Nc5 18. Ne5 Be6 19. Qf3 cxd3 20. cxd3 Qd4 21. Ne2 Qxa4 22. Nf4 Ba2 23. Ra1 Qb3 24. Nc4 Nxd3 25. Nxd3 Qxc4 26. Ne5 Qe6 27. Ng4 Bc4 28. Rfe1 h5 29. Ne3 Bd3 30. Nd1 Rd4 31. Bf2 Rxe4 32. Nc3 Rxe1+ 33. Rxe1 Qf5 34. Qg3 Rd8 35. Bxa7 Bc4 36. Be3 Kh7 37. Qh4 Rd3 38. Qxc4 Qd7 39. Ne4 Rd1 40. Ng5+ Kg8 41. Rxd1 Qxd1+ 42. Kh2 Be5+ 43. Bf4 Bxf4+ 44. Qxf4 Qd7 45. Qb8+ Kg7 46. Qf4 f6 47. Ne4 Qe7 48. b3 c5 49. Nc3 Qe6 50. Qc7+ Kh6 51. Qxc5 h4 52. b4 Qe1 53. Qc7 f5 54. Qf4+ Kg7 55. Nd5 Kh7 56. Ne3 Kg7 57. Qg5 Kf7 58. Nd5 Qe5+ 59. Nf4 Qd6 60. Qxh4 Kg7 61. Qg5 Kf7 62. Qxg6+ 1-0

[Event "Wch U20 Rapid"]
[Site "Pula"]
[Date "2023.10.11"]
[Round "7"]
[White "Montorsi, Matteo"]
[Black "Sahidi, Samir"]
[Result "0-1"]
[WhiteElo "2149"]
[BlackElo "2476"]
[PlyCount "128"]
[EventDate "2023.10.10"]
[EventType "swiss (rapid)"]
[EventRounds "11"]
[EventCountry "ITA"]
[SourceTitle "Mega2024 Update 01"]
[Source "Chessbase"]
[SourceDate "2023.11.12"]
[SourceVersion "1"]
[SourceVersionDate "2023.11.12"]
[SourceQuality "1"]

1. e4 c6 2. Nc3 d5 3. Nf3 Bg4 4. h3 Bxf3 5. Qxf3 e6 6. Be2 Nf6 7. 0-0 Nbd7 8. d4 dxe4 9. Nxe4 Nxe4 10. Qxe4 Nf6 11. Qd3 h6 12. c4 Bd6 13. Be3 0-0 14. Rfd1 Qc7 15. Rac1 Bh2+ 16. Kf1 Bf4 17. Bxf4 Qxf4 18. g3 Qc7 19. Bf3 Rad8 20. Qb3 Rd6 21. d5 c5 22. dxe6 Rxe6 23. Rc2 b6 24. Kg2 Rd8 25. Rcd2 Rxd2 26. Rxd2 g6 27. Qd3 Kg7 28. Qd8 Qxd8 29. Rxd8 Re8 30. Rxe8 Nxe8 31. Bd5 g5 32. Kf3 Nd6 33. Ke3 h5 34. g4 h4 35. f4 f6 36. f5 Kf8 37. Kd3 Ke7 38. Ke3 Kd7 39. Kd3 Kc7 40. a3 a6 41. b3 Nc8 42. Ke4 b5 43. b4 Nd6+ 44. Kd3 Kb6 45. cxb5 Nxb5 46. Bc4 Nxa3 47. bxc5+ Kxc5 48. Bxa6 Kd5 49. Kc3 Ke4 50. Kb2 Kf3 51. Kxa3 Kg2 52. Kb3 Kxh3 53. Kc3 Kxg4 54. Kd3 Kf3 55. Bb7+ Kf2 56. Ke4 h3 57. Kd5 g4 58. Ke6 g3 59. Kxf6 g2 60. Bxg2 hxg2 61. Kf7 g1Q 62. f6 Qg5 63. Ke6 Ke3 64. f7 Qd8 0-1

[Event "Wch U20 Rapid"]
[Site "Pula"]
[Date "2023.10.10"]
[Round "2"]
[White "Nesterov, Arseniy"]
[Black "Montorsi, Matteo"]
[Result "1-0"]
[WhiteElo "2575"]
[BlackElo "2149"]
[PlyCount "41"]
[EventDate "2023.10.10"]
[EventType "swiss (rapid)"]
[EventRounds "11"]
[EventCountry "ITA"]
[SourceTitle "Mega2024 Update 01"]
[Source "Chessbase"]
[SourceDate "2023.11.12"]
[SourceVersion "1"]
[SourceVersionDate "2023.11.12"]
[SourceQuality "1"]

1. d4 Nf6 2. c4 g6 3. Nc3 Bg7 4. e4 d6 5. Be2 0-0 6. Be3 e5 7. d5 Na6 8. g4 Nc5 9. f3 a5 10. h4 h5 11. g5 Nh7 12. Qd2 f5 13. gxf6 Bxf6 14. 0-0-0 Kh8 15. Nh3 Bxh4 16. Rdg1 Rg8 17. f4 Bxh3 18. fxe5 Bc8 19. exd6 cxd6 20. Rxh4 Qxh4 21. Bd4+ 1-0

[Event "Lignano Bella Italia op 2nd"]
[Site "Lignano Sabbiadoro"]
[Date "2023.08.21"]
[Round "7"]
[White "Korneev, Oleg"]
[Black "Montorsi, Matteo"]
[Result "1-0"]
[WhiteElo "2473"]
[BlackElo "2123"]
[PlyCount "101"]
[EventDate "2023.08.17"]
[EventType "swiss"]
[EventRounds "9"]
[EventCountry "ITA"]
[SourceTitle "EXT 2024"]
[Source "ChessBase"]
[SourceDate "2023.10.10"]
[SourceVersion "1"]
[SourceVersionDate "2023.10.10"]
[SourceQuality "1"]

1. e4 c5 2. Nf3 Nc6 3. d4 cxd4 4. Nxd4 e5 5. Nb5 d6 6. N1c3 a6 7. Na3 b5 8. Nd5 Nge7 9. c4 Nxd5 10. cxd5 Nd4 11. Bd3 g6 12. 0-0 Bg7 13. Nc2 0-0 14. Nxd4 exd4 15. a4 Bd7 16. axb5 Bxb5 17. Bxb5 axb5 18. Rxa8 Qxa8 19. Qd3 f5 20. exf5 Rxf5 21. Qxb5 Qxd5 22. Qxd5+ Rxd5 23. b4 d3 24. Bd2 Re5 25. Rd1 Kf7 26. Kf1 Rh5 27. Rb1 Bd4 28. Rb3 Rxh2 29. Rxd3 Rh1+ 30. Ke2 Be5 31. f4 Bf6 32. Rb3 Ra1 33. b5 Ra7 34. b6 Rb7 35. Kd3 d5 36. Bc3 Bd8 37. Bd4 Ke6 38. g4 h5 39. f5+ Kf7 40. gxh5 gxh5 41. Rb1 Bf6 42. Rc1 Bd8 43. Rc6 Ke7 44. Rh6 Kd7 45. Rxh5 Kc6 46. Rh6+ Kd7 47. Rh7+ Kc8 48. Rxb7 Kxb7 49. Ke3 Kc6 50. Kf4 Kd6 51. b7 1-0

[Event "Lignano Bella Italia op 1st"]
[Site "Lignano Sabbiadoro"]
[Date "2022.08.23"]
[Round "9"]
[White "Montorsi, Matteo"]
[Black "Olmo Vega, Diego"]
[Result "1-0"]
[WhiteElo "2100"]
[BlackElo "2035"]
[PlyCount "97"]
[EventDate "2022.08.18"]
[EventType "swiss"]
[EventRounds "9"]
[EventCountry "ITA"]
[SourceTitle "CBM 210 Extra"]
[Source "ChessBase"]
[SourceDate "2022.11.30"]
[SourceVersion "1"]
[SourceVersionDate "2022.11.30"]
[SourceQuality "1"]

1. e4 e5 2. Nf3 Nf6 3. Nxe5 d6 4. Nf3 Nxe4 5. d4 d5 6. Bd3 Be7 7. 0-0 Nc6 8. c4 Nb4 9. Be2 c6 10. Nc3 0-0 11. a3 Nxc3 12. bxc3 Na6 13. cxd5 cxd5 14. Qb3 Nc7 15. Re1 Rb8 16. a4 Be6 17. Bd3 Ne8 18. Qb1 h6 19. Bf4 Bd6 20. Be5 Nf6 21. h3 Qd7 22. Qc1 Bxe5 23. dxe5 Nh7 24. Nd4 Rfc8 25. f4 Qc7 26. Re3 Bd7 27. Qd1 Qa5 28. Qf3 Rc7 29. Bxh7+ Kxh7 30. f5 Rbc8 31. Rc1 Bxa4 32. f6 g6 33. e6 Be8 34. exf7 Bxf7 35. Re7 Kg8 36. Qe3 Rxe7 37. Qxh6 Be8 38. fxe7 Bf7 39. Qe3 Qc5 40. Kh1 Re8 41. Re1 a5 42. h4 a4 43. h5 Qb6 44. Qg5 Kh7 45. Re3 gxh5 46. Ne6 Qb1+ 47. Kh2 Qg6 48. Nf8+ Rxf8 49. exf8N+ 1-0

[Event "Anti Cheating Blitz Cup"]
[Site "Chess.com INT"]
[Date "2020.05.20"]
[Round "10"]
[White "Grimaldi, Angela Flavia"]
[Black "Montorsi, Matteo"]
[Result "0-1"]
[WhiteElo "2070"]
[BlackElo "1999"]
[PlyCount "102"]
[EventDate "2020.05.20"]
[EventType "swiss (blitz)"]
[EventRounds "11"]
[EventCountry "USA"]
[SourceTitle "CBM 196 Extra"]
[Source "ChessBase"]
[SourceDate "2020.07.31"]
[SourceVersion "1"]
[SourceVersionDate "2020.07.31"]
[SourceQuality "1"]

1. e4 g6 2. d4 Bg7 3. Nc3 d6 4. Nge2 Nf6 5. g3 0-0 6. Bg2 e5 7. h3 exd4 8. Nxd4 Nc6 9. Be3 Bd7 10. 0-0 Re8 11. Qd2 Nxd4 12. Bxd4 Bc6 13. Rae1 a6 14. f4 Qd7 15. Kh2 b5 16. Nd5 Bxd5 17. exd5 h5 18. Qc3 Qf5 19. Qxc7 Rxe1 20. Rxe1 Rc8 21. Qxd6 Rxc2 22. Bxf6 Qxf6 23. Qxf6 Bxf6 24. Rd1 Rxb2 25. d6 Rxa2 26. d7 a5 27. d8Q+ Bxd8 28. Rxd8+ Kg7 29. Ra8 b4 30. h4 a4 31. Kh3 b3 32. Bd5 Ra1 33. Ra7 b2 34. Rxf7+ Kh6 35. Be4 b1N 36. Bxb1 Rxb1 37. Ra7 Rb4 38. Kg2 Rb2+ 39. Kf3 Rb3+ 40. Kg2 a3 41. Ra6 Rb2+ 42. Kh3 a2 43. f5 Kh7 44. fxg6+ Kg7 45. Ra5 Kxg6 46. Rg5+ Kf6 47. Ra5 Ke6 48. Ra6+ Kd5 49. Ra5+ Kc4 50. Ra8 Kb3 51. Rb8+ Kc2 0-1

[Event "Anti Cheating Blitz Cup"]
[Site "Chess.com INT"]
[Date "2020.05.20"]
[Round "6"]
[White "Montorsi, Matteo"]
[Black "Odegov, Artem"]
[Result "0-1"]
[WhiteElo "1999"]
[BlackElo "2259"]
[PlyCount "78"]
[EventDate "2020.05.20"]
[EventType "swiss (blitz)"]
[EventRounds "11"]
[EventCountry "USA"]
[SourceTitle "CBM 196 Extra"]
[Source "ChessBase"]
[SourceDate "2020.07.31"]
[SourceVersion "1"]
[SourceVersionDate "2020.07.31"]
[SourceQuality "1"]

1. e4 c5 2. Nc3 d6 3. g3 Nf6 4. Bg2 g6 5. Nge2 Bg7 6. 0-0 Nc6 7. d3 Bd7 8. h3 h5 9. Be3 Qc8 10. Kh2 Ne5 11. Nf4 g5 12. Nfd5 Nxd5 13. Nxd5 h4 14. g4 Bxg4 15. hxg4 Nxg4+ 16. Kh1 Nxe3 17. Nxe3 Bxb2 18. Rb1 Be5 19. Qg4 b6 20. Qxc8+ Rxc8 21. Bh3 e6 22. Nc4 Bf4 23. a4 Rb8 24. Rb5 Rg8 25. Bg4 d5 26. exd5 exd5 27. Re1+ Kf8 28. Ne5 Re8 29. Nd7+ Kg7 30. Rbb1 Kg6 31. Kg2 f5 32. Bf3 h3+ 33. Kh1 Rxe1+ 34. Rxe1 Rd8 35. Re6+ Kg7 36. Re7+ Kh6 37. Nf6 g4 38. Re8 Rxe8 39. Nxe8 gxf3 0-1

[Event "Anti Cheating Blitz Cup"]
[Site "Chess.com INT"]
[Date "2020.05.20"]
[Round "7"]
[White "Montorsi, Matteo"]
[Black "Pintonello, Francesco"]
[Result "1-0"]
[WhiteElo "1999"]
[BlackElo "1456"]
[PlyCount "87"]
[EventDate "2020.05.20"]
[EventType "swiss (blitz)"]
[EventRounds "11"]
[EventCountry "USA"]
[SourceTitle "CBM 196 Extra"]
[Source "ChessBase"]
[SourceDate "2020.07.31"]
[SourceVersion "1"]
[SourceVersionDate "2020.07.31"]
[SourceQuality "1"]

1. e4 e5 2. Nf3 Nc6 3. Bb5 a6 4. Ba4 b5 5. Bb3 Bc5 6. d3 Nf6 7. c3 Bb6 8. Nbd2 d6 9. Nf1 0-0 10. Ng3 Be6 11. 0-0 Bxb3 12. axb3 Ne7 13. Nh4 Ng6 14. Nhf5 Qd7 15. Qf3 Rfe8 16. Bg5 Qe6 17. Nxg7 Kxg7 18. Bxf6+ Kg8 19. Nh5 Rec8 20. Ng7 c6 21. Nxe6 fxe6 22. Qg4 Re8 23. g3 Bd8 24. Bxd8 Raxd8 25. h4 Kh8 26. h5 Nf8 27. Qh4 Rd7 28. f4 exf4 29. Rxf4 Rg7 30. Raf1 Kg8 31. Rxf8+ Rxf8 32. Rxf8+ Kxf8 33. Qd8+ Kf7 34. Qxd6 Kf6 35. Kg2 Re7 36. Qxc6 Kf7 37. Qxa6 h6 38. Qxb5 e5 39. Qd5+ Kf6 40. b4 Kg5 41. b5 Kxh5 42. Qg8 Ra7 43. Kh3 Ra1 44. g4# 1-0

[Event "Anti Cheating Blitz Cup"]
[Site "Chess.com INT"]
[Date "2020.05.20"]
[Round "3"]
[White "Montorsi, Matteo"]
[Black "Quispe Damian, Francisco"]
[Result "0-1"]
[WhiteElo "1999"]
[BlackElo "1610"]
[PlyCount "80"]
[EventDate "2020.05.20"]
[EventType "swiss (blitz)"]
[EventRounds "11"]
[EventCountry "USA"]
[SourceTitle "CBM 196 Extra"]
[Source "ChessBase"]
[SourceDate "2020.07.31"]
[SourceVersion "1"]
[SourceVersionDate "2020.07.31"]
[SourceQuality "1"]

1. e4 c6 2. Nc3 d5 3. Nf3 dxe4 4. Nxe4 Nd7 5. Bc4 Ngf6 6. Neg5 e6 7. Qe2 Qe7 8. d4 Nb6 9. Bd3 Nbd5 10. c3 h6 11. Ne4 Nxe4 12. Qxe4 Nf6 13. Qe2 Qc7 14. 0-0 Bd6 15. Ne5 b6 16. f4 Bb7 17. f5 0-0-0 18. fxe6 fxe6 19. Kh1 Bxe5 20. dxe5 Nd5 21. Bd2 Rdf8 22. c4 Ne7 23. Bc3 c5 24. Rxf8+ Rxf8 25. Rf1 Rxf1+ 26. Qxf1 Nc6 27. Qf8+ Qd8 28. Qxd8+ Kxd8 29. Kg1 Ke7 30. Be4 Nd8 31. Bxb7 Nxb7 32. Kf2 a5 33. Ke3 Nd8 34. Ke4 Kf7 35. g3 Nc6 36. b3 Kg6 37. h3 Kh5 38. Kf4 Nb4 39. Ke4 Nxa2 40. Bd2 Nb4 0-1

[Event "Anti Cheating Blitz Cup"]
[Site "Chess.com INT"]
[Date "2020.05.20"]
[Round "11"]
[White "Saltos Velez, Adrian Arturo"]
[Black "Montorsi, Matteo"]
[Result "1-0"]
[WhiteElo "2074"]
[BlackElo "1999"]
[PlyCount "33"]
[EventDate "2020.05.20"]
[EventType "swiss (blitz)"]
[EventRounds "11"]
[EventCountry "USA"]
[SourceTitle "CBM 196 Extra"]
[Source "ChessBase"]
[SourceDate "2020.07.31"]
[SourceVersion "1"]
[SourceVersionDate "2020.07.31"]
[SourceQuality "1"]

1. e4 g6 2. d4 Bg7 3. Nc3 d6 4. Bc4 Nf6 5. Qe2 c6 6. Nf3 0-0 7. Bg5 Qc7 8. 0-0-0 e5 9. Bb3 b5 10. Rhe1 Nbd7 11. Qd2 Bb7 12. dxe5 dxe5 13. Qd6 Qxd6 14. Rxd6 Rfe8 15. a3 Bf8 16. Rxf6 Be7 17. Rxf7 1-0